| 000 | 01040nam a2200313Ia 4500 | ||
|---|---|---|---|
| 001 | Z_6110 | ||
| 003 | CHAP | ||
| 008 | 220113s1993 xx 000 0 und d | ||
| 010 | _a169341 | ||
| 040 | _cCHAP | ||
| 082 | _a637.1 M37 | ||
| 110 |
_aMassey University, Department of Animal Science _9143956 |
||
| 245 |
_aDairyfarming annual 1993 / _ccoordinador C. W. Holmes |
||
| 260 |
_aNueva Zelandia : _bMassey University :, _bDepartament of Animal Science, _c1993 |
||
| 300 | _a196 p. | ||
| 500 | _aIncluye los trabajos de la 45° reunión del dairyfarmers llevada a cabo por la Universidad de Massey. Reunión celebrada en Takaka en mayo de 1993 | ||
| 503 | _aej.1: C/E | ||
| 504 | _aIncluye bibliografía | ||
| 650 |
_aGanado lechero _xNueva Zelanda _945279 |
||
| 650 |
_aLeche _xProducción _965400 |
||
| 700 |
_aI. Holmes, C. W., coor. _9143957 |
||
| 710 |
_aII. Massey University, Department of Animal Science _9143958 |
||
| 901 | _a637.1 M37 | ||
| 902 | _aM | ||
| 910 | _a1993 | ||
| 942 | _c1 | ||
| 942 | _cc1 | ||
| 999 |
_c169341 _d169341 |
||